| 000 | 00947cam a2200301Ia 4500 | ||
|---|---|---|---|
| 020 | _a0071461973 | ||
| 020 | _a9780071461979 | ||
| 040 | _cUKM | ||
| 082 | _a612 HIL 2006 A107 Or. | ||
| 245 | 0 | 0 | _aHarper's illustrated biochemistry / |
| 246 | 1 | 3 | _aHarper's biochemistry |
| 246 | 3 | _aIllustrated biochemistry | |
| 250 | _a27th ed | ||
| 260 |
_aNew York : _bMcgraw-Hill ; _aStamford, Conn. : _bAppleton & Lange ; _aLondon : _bMcGraw-Hill [distributor], _cc2006 |
||
| 300 |
_ax, 692 p. : _bill. ; _c24 cm |
||
| 500 | _a"Lange medical book." | ||
| 500 | _aPrevious ed.: published as Harper's biochemistry. New York; London: McGraw-Hill, 2003 | ||
| 650 | 0 | _aBiochemistry | |
| 650 | 0 | _aClinical biochemistry | |
| 650 | 2 | _aBiochemistry | |
| 650 | 2 | _aMolecular Biology | |
| 650 | 2 | _aMetabolism | |
| 650 | 2 | _aEnergy Metabolism | |
| 700 | 1 | _aMurray, Robert K. | |
| 700 | 1 | _aGranner, Daryl K., | |
| 700 | 1 | _aRodwell, Victor W | |
| 942 | _cEK | ||
| 999 |
_c16886 _d16886 |
||